Statistics for Niger... or Nigeria?

Click here to take the quiz!

General Stats

  • This quiz has been taken 95 times
  • The average score is 10 of 15

Answer Stats

Question Answer % Correct
Holds the largest city in AfricaNigeria
98%
Is landlockedNiger
94%
Has the lowest human development in AfricaNiger
88%
Uses franc as its currencyNiger
81%
Has one of the ten lowest GDP per capitaNiger
80%
Has one of the five lowest literacy rates in the worldNiger
80%
Used to be a British colonyNigeria
78%
Borders four or more countriesBoth
76%
Its name originated from a riverBoth
75%
At least 45% of its people are IslamBoth
58%
Has five or more official languagesNigeria
53%
Its flag includes the colors of green and whiteBoth
49%
Won its independence in the year 1960Both
39%
Is a presidential republicNigeria
33%
A river flows through its capital cityNiger
27%

Score Distribution

Percentile by Number Answered

Percent of People with Each Score

Your Score History

You have not taken this quiz